000 00673nam a22001937a 4500
999 _c7313
_d7313
003 OSt
005 20211001132940.0
008 211001b ||||| |||| 00| 0 eng d
020 _a0521003997
040 _cDDC
082 _a591.56ECO 2001
100 _aNoe,Ronald; Van Hooff,Jan A.R.A.M; Hammerstein,Peter;
_d1951-
_914996
245 _aEconomics in Nature.
_bSocial Dilemmas, Mate Choice and Biological Markets.
_cEdited by Noe,Ronald; Van Hooff,Jan A.R.A.M and Hammerstein,Peter;
260 _aUK.
_bCambridge University Press.
_c2001.
300 _axi,276p;
_bill;
_c23cm.
504 _aIncludes; references and index.
650 _aBiology
_95602
942 _2ddc
_cO_SHELF